000 01062nam a22003257a 4500
003 CHAP
005 20220329140517.0
008 971013s1971 r 00010 d
010 _a53078
011 _a54050
035 _a58200
040 _cCHAP
090 _aFolleto 4429
100 0 0 _aSánchez Rodríguez, Fernando.
_9107797
245 _aVisualización de cambio tecnológico en América Latina
260 _a(México, D.F.) :
_bEl autor,
_c1971
300 _a25 h.
500 _aPonencia presentada en : Simposium de Pronnósticos Tecnológicos 1
590 _aBATCH-UPD
_b10
_c20130110
_lUCH01
_h0459
590 _aBATCH-UPD
_b10
_c20130410
_lUCH01
_h0137
590 _aBATCH-UPD
_b10
_c20130914
_lUCH01
_h0140
590 _aCONVERSION
_b10
_c20130109
_lUCH01
_h1329
650 1 4 _aAlimentos
_xTecnología.
_94284
650 1 4 _aAlimentos
_xValor nutritivo.
_94298
650 1 4 _aInnovaciones tecnológicas.
_958829
650 1 4 _aNutrición
_xMéxico.
_982263
901 _aBK
942 _cFOLL
949 _aFolleto 4429
_bBC
_cFOLL
_d-126403
_eTS1
_i58200
_si
999 _c53078
_d53078